000 00728nam a22002297a 4500
999 _c31259
_d31257
003 OSt
005 20181130104019.0
008 181130b ||||| |||| 00| 0 eng d
040 _aMMU
_cMMU
_dMMU
_beng
043 _aa-cc-yu
050 0 0 _aDS793.Y8
_bB65 1987
082 0 0 _a915.1/350458
_220
100 1 _aBooz, Patrick R.
245 1 0 _aYunnan /
_cPatrick R. Booz.
260 _aLincolnwood, Ill., U.S.A. :
_bPassport Books,
_c1987.
300 _a208 p. :
_bcol. ill. ;
_c21 cm.
500 _aSpine title: Yunnan Province, a complete guide.
504 _aIncludes bibliographical references (p. 193).
651 0 _aYunnan Sheng (China)
_xGuidebooks.
740 0 _aYunnan Province, a complete guide.
942 _2lcc
_cLOAN LOAN